000 00434nam a2200169 a 4500
082 0 0 _a920
_bJAI
100 _aJain, Naresh Kumar
245 _aMuslims in India, Biographical Dictionary
260 _aNew Delhi
_bManohar Publisher
_c1979
300 _a253p
500 _aincludes index and biblioraphy
505 2 _aBibliography
505 2 _aBibliography00
650 _aMuslims-India
700 1 _aJain, Naresh Kumar
942 _cBK
999 _c7980
_d7980